| 000 | 00809nam a2200265 a 4500 | ||
|---|---|---|---|
| 001 | 61025 | ||
| 003 | BD-RjUL | ||
| 005 | 20211209080919.0 | ||
| 008 | 170114s1994 at a 001 0 eng | ||
| 020 | _a0256110107 | ||
| 035 | _a(BD-RjUL)61149 | ||
| 040 |
_aBD-RjUL _cBD-RjUL _beng _dBD-RjUL |
||
| 041 | _aeng | ||
| 082 | 1 | 4 |
_a658.1511 _223 _bGAM 1994 |
| 100 | 1 |
_aGarrison, Ray H. _9180849 |
|
| 245 | 1 | 0 |
_aManagerial accounting : _b concepts for planning, control, decision making / _cRay H. Garrison, Eric W. Noreen. |
| 250 | _a7th ed | ||
| 260 |
_aBoston, London : _bMcGraw-Hill/Irwin, _cc1994. |
||
| 300 |
_axxxi, 912 p. : _b ill. ; _c28 cm. |
||
| 500 | _aIncludes index. | ||
| 650 | 0 |
_aManagerial accounting. _9175029 |
|
| 700 | 1 |
_aNoreen, Eric W. _9180850 |
|
| 942 |
_2ddc _cBK |
||
| 999 |
_c61025 _d61025 |
||